000 00479nam a22001577a 4500
003 macl
005 20190730125836.0
008 190730b xxu||||| |||| 00| 0 eng d
040 _cmacl
082 _a800
100 _aप्रकाश , जय
_976054
245 _aलोक का अंत संसार
260 _aबीकानेर
_bसूर्य प्रकाशन मन्दिर
_c2016
651 _aइतिहास
_976055
942 _2ddc
_cHIN
999 _c60610
_d60610